000 00514cam a22002171 4500
001 sa 67004658
003 DLC
005 20260227112349.0
008 890705m19609999ii 000 0 orio
010 _asa 67004658
035 _a(OCoLC)19964490
040 _aDLC
_cWaU
_dDLC
042 _apremarc
050 0 0 _aPK2572
_b.M6
100 1 _aMahāntī, Jānakīballabha,
_d1925-
245 1 0 _aBhaktamāḷā.
260 _c[1960-
300 _a v.
_c18 cm.
500 _aIn Oriya.
650 0 _aPoets, Oriya.
999 _c74664
_d74664